000 00388 a2200157 4500
001 155282
040 _cEscola São Tomás de Aquino
100 _aWEY, Regina Lúcia da Motta
240 1 0 _aFazendo e compreendendo matemática
_lpor
245 1 0 _aFazendo e compreendendo matemática
300 _a176
362 0 _a2010
440 1 _aSaraiva
697 _aMATEMÁTICA
942 _cBK
999 _c155282
_d155282